000 00297nam a2200121 a 4500
005 20140414131910.0
008 101012s19uu xx 00 eng d
050 _aER
_bD54 1966
100 _aDiz and Liz
245 _aDiz and Liz.
260 _aNew York :
_bWonder books,
_c1966.
999 _c111178
_d111178